000 00319 a2200109 4500
001 ART_47013
005 20260410162032.0
008 260409a
245 1 0 _aPasteleros. Rama pizzeros. CCT 24/1988
100 1 _aGodoy, Laura M.
773 0 _tLiquidación de sueldos
_g- Nº 137 (oct. 2017)
_wREV44399
999 _c34100
_d34100